[Event "Montcalm 3 2007-08"]
[Site "Quebec CAN"]
[Date "2007.11.15"]
[Round "1"]
[White "Cummins, Paul"]
[Black "Caire, Francois"]
[Result "0-1"]
[WhiteElo "1762"]
[BlackElo "2206"]
[PlyCount "66"]
[GameId "2160767910566088"]
[EventDate "2007.11.15"]
[EventType "tourn"]
[EventRounds "5"]
[EventCountry "CAN"]
[SourceTitle "EXT 2022"]
[Source "ChessBase"]
[SourceDate "2021.10.06"]
[SourceVersion "1"]
[SourceVersionDate "2021.10.06"]
[SourceQuality "1"]

1. e4 c5 2. Nf3 Nc6 3. d4 cxd4 4. Nxd4 Nf6 5. Nc3 e5 6. Ndb5 d6 7. Bg5 a6 8. Na3 b5 9. Nd5 Be7 10. Bxf6 Bxf6 11. c3 Ne7 12. Nxf6+ gxf6 13. Qf3 f5 14. exf5 Bxf5 15. Bd3 Be6 16. Nc2 O-O 17. O-O f5 18. Rfd1 Kh8 19. Bf1 Qd7 20. Rd2 d5 21. Re1 Ng6 22. c4 d4 23. cxb5 axb5 24. a3 e4 25. Qg3 f4 26. Qg5 Rf5 27. Qh6 d3 28. Nb4 Re5 29. Nxd3 exd3 30. Rxe5 Nxe5 31. Qxf4 Qg7 32. Kh1 Rc8 33. h3 Rc1 0-1

[Event "Montcalm 3 2007-08"]
[Site "Quebec CAN"]
[Date "2007.11.15"]
[Round "1"]
[White "Dube, Dominic"]
[Black "Plante, Rejean"]
[Result "0-1"]
[WhiteElo "1613"]
[BlackElo "2032"]
[PlyCount "60"]
[GameId "2160767910566089"]
[EventDate "2007.11.15"]
[EventType "tourn"]
[EventRounds "5"]
[EventCountry "CAN"]
[SourceTitle "EXT 2022"]
[Source "ChessBase"]
[SourceDate "2021.10.06"]
[SourceVersion "1"]
[SourceVersionDate "2021.10.06"]
[SourceQuality "1"]

1. e4 c5 2. Nf3 e6 3. d4 cxd4 4. Nxd4 a6 5. Bd3 Qc7 6. Nc3 b5 7. a3 Bb7 8. Be3 Nf6 9. Nde2 Nc6 10. Ng3 h5 11. h4 Ng4 12. Qd2 Nxe3 13. Qxe3 Ne5 14. Be2 b4 15. axb4 Bxb4 16. O-O g6 17. Na2 Be7 18. Qf4 Rc8 19. c3 Nc4 20. Qxc7 Rxc7 21. b3 Nd2 22. Rfd1 Nxb3 23. Rab1 Nc5 24. f3 Bxh4 25. Nf1 O-O 26. Ne3 Bg5 27. Nc4 d5 28. exd5 Bxd5 29. Nb4 Bxc4 30. Bxc4 Na4 0-1

[Event "Montcalm 3 2007-08"]
[Site "Quebec CAN"]
[Date "2007.11.15"]
[Round "1"]
[White "Fortier, Bertrand"]
[Black "Caron, Sebastien"]
[Result "1-0"]
[WhiteElo "1583"]
[BlackElo "2008"]
[PlyCount "86"]
[GameId "2160767910566090"]
[EventDate "2007.11.15"]
[EventType "tourn"]
[EventRounds "5"]
[EventCountry "CAN"]
[SourceTitle "EXT 2022"]
[Source "ChessBase"]
[SourceDate "2021.10.06"]
[SourceVersion "1"]
[SourceVersionDate "2021.10.06"]
[SourceQuality "1"]

1. e4 c5 2. Nf3 d6 3. d4 cxd4 4. Nxd4 Nf6 5. Nc3 a6 6. f3 e5 7. Nb3 Be6 8. Bg5 Nbd7 9. Be2 Be7 10. O-O Nb6 11. f4 h6 12. Bxf6 Bxf6 13. fxe5 Bxe5 14. Nd4 Bc4 15. b3 Bxe2 16. Ncxe2 Qh4 17. Ng3 g6 18. Nf3 Qe7 19. Nxe5 dxe5 20. c4 Qc5+ 21. Kh1 Rd8 22. Qf3 O-O 23. Qg4 Kh7 24. Rf3 Qe7 25. Raf1 Rd4 26. Nf5 Qe6 27. Nxh6 Qxg4 28. Nxg4 f5 29. exf5 gxf5 30. Nxe5 Re4 31. Rh3+ Kg7 32. Nf3 Re2 33. Rg3+ Kf6 34. Nh4 Nd7 35. Kg1 Ke6 36. Ng6 Rxa2 37. Nxf8+ Nxf8 38. Rg7 b5 39. cxb5 axb5 40. Rb7 Ke5 41. Rxb5+ Ke4 42. Rbxf5 Ne6 43. g4 Rb2 1-0

[Event "Montcalm 3 2007-08"]
[Site "Quebec CAN"]
[Date "2007.11.15"]
[Round "1"]
[White "Tremblay, Rejean"]
[Black "Poliquin, Yvone"]
[Result "0-1"]
[WhiteElo "2267"]
[BlackElo "1794"]
[PlyCount "116"]
[GameId "2160767910566091"]
[EventDate "2007.11.15"]
[EventType "tourn"]
[EventRounds "5"]
[EventCountry "CAN"]
[SourceTitle "EXT 2022"]
[Source "ChessBase"]
[SourceDate "2021.10.06"]
[SourceVersion "1"]
[SourceVersionDate "2021.10.06"]
[SourceQuality "1"]

1. d4 d5 2. c4 e6 3. Nc3 c5 4. cxd5 exd5 5. Nf3 Nc6 6. g3 Nf6 7. Bg2 Be7 8. O-O O-O 9. dxc5 Bxc5 10. Bg5 d4 11. Bxf6 Qxf6 12. Nd5 Qd8 13. Nd2 Re8 14. Rc1 Bb6 15. Nxb6 Qxb6 16. Nc4 Qd8 17. Qd2 Bg4 18. Rfe1 Qf6 19. h3 Bf5 20. Qf4 g5 21. Qf3 Qg6 22. Qb3 Rab8 23. Qa3 Rbd8 24. Na5 Nxa5 25. Qxa5 Rd7 26. Qxa7 Be4 27. Qa4 Red8 28. Rc8 Kg7 29. Rxd8 Rxd8 30. Qa5 Rd5 31. Qd2 Bxg2 32. Kxg2 Qc6 33. Kh2 h6 34. b3 Qf6 35. Kg2 Rf5 36. e4 Rf3 37. Rc1 Rc3 38. Rxc3 dxc3 39. Qc2 b5 40. a4 bxa4 41. bxa4 Qd4 42. Kf3 Qb4 43. Ke2 Qc4+ 44. Qd3 Qa2+ 45. Ke3 Qxa4 46. Qxc3+ Kg6 47. f4 Qa7+ 48. Kf3 Qg1 49. f5+ Kh7 50. Qd3 h5 51. e5 Qh1+ 52. Ke3 Qe1+ 53. Qe2 Qxg3+ 54. Kd4 Qh4+ 55. Kd5 Qxh3 56. e6 Qxf5+ 57. Qe5 Qxe5+ 58. Kxe5 fxe6 0-1

[Event "Montcalm 3 2007-08"]
[Site "Quebec CAN"]
[Date "2007.11.23"]
[Round "2"]
[White "Caire, Francois"]
[Black "Sauve, Richard"]
[Result "1/2-1/2"]
[WhiteElo "2206"]
[BlackElo "1917"]
[PlyCount "70"]
[GameId "2160767910566092"]
[EventDate "2007.11.15"]
[EventType "tourn"]
[EventRounds "5"]
[EventCountry "CAN"]
[SourceTitle "EXT 2022"]
[Source "ChessBase"]
[SourceDate "2021.10.06"]
[SourceVersion "1"]
[SourceVersionDate "2021.10.06"]
[SourceQuality "1"]

1. d4 e6 2. Nf3 d5 3. c4 c6 4. e3 Bd6 5. Bd3 f5 6. O-O Nf6 7. b3 Qe7 8. Bb2 O-O 9. Qc2 Nbd7 10. Ne5 Kh8 11. Nd2 Ne4 12. f3 Nxd2 13. Qxd2 Nf6 14. Rae1 Bd7 15. Re2 Be8 16. cxd5 Nxd5 17. e4 Nb4 18. Bb1 Bxe5 19. dxe5 Rd8 20. Qe3 fxe4 21. Bxe4 c5 22. Rd2 Bc6 23. Rxd8 Rxd8 24. Ba3 Bxe4 25. Bxb4 cxb4 26. Qxe4 Qc5+ 27. Kh1 Rd5 28. h3 Rxe5 29. Qxb7 h6 30. Qd7 a5 31. Qd8+ Kh7 32. Qd3+ Kg8 33. Qd8+ Kf7 34. Qd7+ Kf6 35. Qd8+ Kf7 1/2-1/2

[Event "Montcalm 3 2007-08"]
[Site "Quebec CAN"]
[Date "2007.11.23"]
[Round "2"]
[White "Dumont, Eric"]
[Black "Boulianne, Gabriel"]
[Result "1/2-1/2"]
[WhiteElo "1620"]
[BlackElo "1515"]
[PlyCount "104"]
[GameId "2160767910566093"]
[EventDate "2007.11.15"]
[EventType "tourn"]
[EventRounds "5"]
[EventCountry "CAN"]
[SourceTitle "EXT 2022"]
[Source "ChessBase"]
[SourceDate "2021.10.06"]
[SourceVersion "1"]
[SourceVersionDate "2021.10.06"]
[SourceQuality "1"]

1. f4 d5 2. e3 Nf6 3. Nf3 g6 4. b3 Bg7 5. Bb2 O-O 6. Bd3 c5 7. O-O Nc6 8. a3 Qb6 9. Kh1 c4 10. Be2 cxb3 11. c4 dxc4 12. Bxc4 Bf5 13. Nc3 Bc2 14. Qe1 Rfd8 15. Ng5 e6 16. Bxe6 fxe6 17. Nxe6 Rd6 18. Nxg7 Kxg7 19. f5 Bd3 20. Rf4 Ne5 21. Na4 Qa5 22. Bc3 Qd5 23. Rd4 Qc6 24. Rxd6 Qxd6 25. fxg6 Nxg6 26. Nb2 Rc8 27. Nxd3 Qxd3 28. Qf2 Rxc3 29. dxc3 Qxc3 30. Rb1 b6 31. Qb2 Qxe3 32. Qxb3 Qc5 33. a4 Ne4 34. Qb2+ Qc3 35. Qxc3+ Nxc3 36. Rc1 Nxa4 37. Rc7+ Kh6 38. Rxa7 b5 39. Rb7 Nc3 40. Kg1 Nf4 41. Kf1 Nd3 42. g3 b4 43. h4 Ne4 44. g4 Nec5 45. g5+ Kg6 46. h5+ Kxh5 47. Rxh7+ Kxg5 48. Ke2 b3 49. Rh1 b2 50. Rb1 Nc1+ 51. Ke3 Na4 52. Rxb2 Nxb2 1/2-1/2

[Event "Montcalm 3 2007-08"]
[Site "Quebec CAN"]
[Date "2007.11.23"]
[Round "2"]
[White "Fortier, Bertrand"]
[Black "Cournoyer, Dominic"]
[Result "0-1"]
[WhiteElo "1583"]
[BlackElo "1931"]
[PlyCount "106"]
[GameId "2160767910566094"]
[EventDate "2007.11.15"]
[EventType "tourn"]
[EventRounds "5"]
[EventCountry "CAN"]
[SourceTitle "EXT 2022"]
[Source "ChessBase"]
[SourceDate "2021.10.06"]
[SourceVersion "1"]
[SourceVersionDate "2021.10.06"]
[SourceQuality "1"]

1. e4 d5 2. exd5 Nf6 3. d4 Nxd5 4. c4 Nb6 5. Nc3 g6 6. Nf3 Bg7 7. Be3 O-O 8. Be2 Nc6 9. h3 e5 10. d5 Ne7 11. Qd2 Nf5 12. Bc5 Re8 13. O-O Nd6 14. Bxd6 cxd6 15. Rad1 Nd7 16. Ne4 Nf6 17. Nxf6+ Qxf6 18. Qg5 Qxg5 19. Nxg5 e4 20. f3 exf3 21. Bxf3 Bxb2 22. Ne4 Be5 23. Rfe1 Bf5 24. Rb1 b6 25. Rbc1 Rac8 26. g4 Bd7 27. Re2 f5 28. gxf5 Bxf5 29. Rce1 Bxe4 30. Rxe4 Bd4+ 31. Kg2 Rxe4 32. Rxe4 Rxc4 33. Bd1 Rb4 34. Kf3 Bc5 35. Rxb4 Bxb4 36. a4 Kf7 37. Ke4 Kf6 38. Be2 Kg5 39. Bg4 h5 40. Bd7 Kh4 41. Kf3 Bc5 42. Bc8 g5 43. Bd7 a6 44. Kg2 g4 45. hxg4 hxg4 46. Bc6 Bd4 47. Bd7 Kg5 48. Bc6 Kf4 49. Bd7 g3 50. Bc6 Bf2 51. Bd7 Ke4 52. Bc6 Kd4 53. a5 bxa5 0-1

[Event "Montcalm 3 2007-08"]
[Site "Quebec CAN"]
[Date "2007.11.23"]
[Round "2"]
[White "Myre, Eric"]
[Black "Bonneau, Daniel"]
[Result "1-0"]
[WhiteElo "1922"]
[BlackElo "2034"]
[PlyCount "79"]
[GameId "2160767910566095"]
[EventDate "2007.11.15"]
[EventType "tourn"]
[EventRounds "5"]
[EventCountry "CAN"]
[SourceTitle "EXT 2022"]
[Source "ChessBase"]
[SourceDate "2021.10.06"]
[SourceVersion "1"]
[SourceVersionDate "2021.10.06"]
[SourceQuality "1"]

1. d4 Nf6 2. c4 g6 3. Nc3 Bg7 4. e4 d6 5. Nge2 O-O 6. Ng3 Nc6 7. Be2 e5 8. d5 Nd4 9. h4 h5 10. Bg5 a6 11. a4 Qe8 12. Be3 Ng4 13. Bxg4 Bxg4 14. Nge2 Nxe2 15. Nxe2 f5 16. O-O Bxe2 17. Qxe2 f4 18. Bd2 Qe7 19. g3 f3 20. Qd3 Qd7 21. Rfe1 Qg4 22. Kh2 Bf6 23. Bg5 Bxg5 24. hxg5 Qxg5 25. Re3 Qg4 26. Ra3 Rf7 27. Rxf3 Raf8 28. Rxf7 Rxf7 29. f3 Qg5 30. Qe3 Qf6 31. a5 g5 32. Rb3 g4 33. Kg2 gxf3+ 34. Qxf3 Qxf3+ 35. Rxf3 Rxf3 36. Kxf3 Kf7 37. b4 c6 38. dxc6 bxc6 39. b5 d5 40. bxa6 1-0

[Event "Montcalm 3 2007-08"]
[Site "Quebec CAN"]
[Date "2007.11.23"]
[Round "2"]
[White "Plante, Rejean"]
[Black "Chiffot, Nicolas"]
[Result "1-0"]
[WhiteElo "2032"]
[BlackElo "1891"]
[PlyCount "73"]
[GameId "2160767910566096"]
[EventDate "2007.11.15"]
[EventType "tourn"]
[EventRounds "5"]
[EventCountry "CAN"]
[SourceTitle "EXT 2022"]
[Source "ChessBase"]
[SourceDate "2021.10.06"]
[SourceVersion "1"]
[SourceVersionDate "2021.10.06"]
[SourceQuality "1"]

1. d4 Nf6 2. c4 g6 3. Nc3 Bg7 4. e4 d6 5. Bg5 Nbd7 6. Nf3 O-O 7. Qd2 e5 8. d5 Nc5 9. Bd3 a5 10. h3 Bd7 11. Bc2 Qe8 12. g4 Nfxe4 13. Nxe4 Nxe4 14. Bxe4 f5 15. gxf5 gxf5 16. Bc2 e4 17. Nd4 Qe5 18. Ne2 f4 19. Rg1 Kh8 20. Bxf4 Rxf4 21. Nxf4 Bf5 22. Ne2 e3 23. fxe3 Qxb2 24. Rc1 Bxc2 25. Rxc2 Qf6 26. Rxg7 Kxg7 27. Qd4 Re8 28. Qxf6+ Kxf6 29. Kd2 Re4 30. Kd3 Rh4 31. Nf4 b6 32. Rg2 Kf7 33. Rg4 Rh6 34. Rg5 Rf6 35. Ke4 Ke7 36. Rf5 Rh6 37. Rh5 1-0

[Event "Montcalm 3 2007-08"]
[Site "Quebec CAN"]
[Date "2007.11.23"]
[Round "2"]
[White "Poliquin, Yvone"]
[Black "Auger, Bertrand"]
[Result "1/2-1/2"]
[WhiteElo "1794"]
[BlackElo "2018"]
[PlyCount "45"]
[GameId "2160767910566097"]
[EventDate "2007.11.15"]
[EventType "tourn"]
[EventRounds "5"]
[EventCountry "CAN"]
[SourceTitle "EXT 2022"]
[Source "ChessBase"]
[SourceDate "2021.10.06"]
[SourceVersion "1"]
[SourceVersionDate "2021.10.06"]
[SourceQuality "1"]

1. e4 e6 2. d4 d5 3. e5 c5 4. c3 Nc6 5. Nf3 Qb6 6. Bd3 Bd7 7. O-O cxd4 8. cxd4 Nxd4 9. Ng5 f5 10. Be3 Bc5 11. Nc3 Qd8 12. Bxd4 Bxd4 13. Nxe6 Bxf2+ 14. Rxf2 Bxe6 15. Nb5 Qb6 16. Nd6+ Ke7 17. Bxf5 Nh6 18. Bxe6 Kxe6 19. Qh5 Rhf8 20. Qh3+ Ke7 21. Qh4+ Ke6 22. Qh3+ Ke7 23. Qh4+ 1/2-1/2

[Event "Montcalm 3 2007-08"]
[Site "Quebec CAN"]
[Date "2007.11.29"]
[Round "3"]
[White "Boutin, Jean-Roger"]
[Black "Tremblay, Rejean"]
[Result "0-1"]
[WhiteElo "1610"]
[BlackElo "2267"]
[PlyCount "66"]
[GameId "2160767910566098"]
[EventDate "2007.11.15"]
[EventType "tourn"]
[EventRounds "5"]
[EventCountry "CAN"]
[SourceTitle "EXT 2022"]
[Source "ChessBase"]
[SourceDate "2021.10.06"]
[SourceVersion "1"]
[SourceVersionDate "2021.10.06"]
[SourceQuality "1"]

1. Nf3 g6 2. g3 Bg7 3. Bg2 d6 4. d4 Nf6 5. c4 O-O 6. Nc3 Nc6 7. d5 Na5 8. Nd2 c5 9. O-O a6 10. Qc2 Rb8 11. a4 e6 12. Rb1 Re8 13. Re1 Qc7 14. b3 exd5 15. Nxd5 Nxd5 16. Bxd5 Nc6 17. Bb2 Nd4 18. Bxd4 Bxd4 19. e3 Bg7 20. Rbd1 Bf5 21. Be4 Bd7 22. Bg2 Re7 23. Kf1 Bf5 24. e4 Be6 25. f3 b5 26. axb5 axb5 27. cxb5 Rxb5 28. Nc4 Bd4 29. Re2 Qb8 30. Rb1 Reb7 31. Ree1 Rxb3 32. Na5 Rxb1 33. Nxb7 Rxb7 0-1

[Event "Montcalm 3 2007-08"]
[Site "Quebec CAN"]
[Date "2007.11.30"]
[Round "3"]
[White "Auger, Bertrand"]
[Black "Myre, Eric"]
[Result "1-0"]
[WhiteElo "2018"]
[BlackElo "1922"]
[PlyCount "65"]
[GameId "2160767910566099"]
[EventDate "2007.11.15"]
[EventType "tourn"]
[EventRounds "5"]
[EventCountry "CAN"]
[SourceTitle "EXT 2022"]
[Source "ChessBase"]
[SourceDate "2021.10.06"]
[SourceVersion "1"]
[SourceVersionDate "2021.10.06"]
[SourceQuality "1"]

1. Nf3 c5 2. g3 Nc6 3. Bg2 g6 4. O-O Bg7 5. c4 e5 6. Nc3 Nge7 7. a3 O-O 8. Rb1 a5 9. d3 Rb8 10. Nd2 d6 11. b3 f5 12. Bb2 Be6 13. Nd5 b5 14. e3 b4 15. a4 Qd7 16. f4 h6 17. Qc2 g5 18. Rfe1 Ng6 19. Kh1 Kh8 20. fxg5 hxg5 21. Nf3 Bh6 22. Ng1 Qh7 23. Nh3 f4 24. exf4 gxf4 25. Nhxf4 Nxf4 26. Nxf4 Nd4 27. Bxd4 Bxf4 28. gxf4 Rxf4 29. Bxe5+ dxe5 30. Rxe5 Bf5 31. Rxc5 Bxd3 32. Qb2+ Kg8 33. Rg5+ 1-0

[Event "Montcalm 3 2007-08"]
[Site "Quebec CAN"]
[Date "2007.11.30"]
[Round "3"]
[White "Chiffot, Nicolas"]
[Black "Laferriere, Mathieu"]
[Result "1-0"]
[WhiteElo "1891"]
[BlackElo "1549"]
[PlyCount "69"]
[GameId "2160767910566100"]
[EventDate "2007.11.15"]
[EventType "tourn"]
[EventRounds "5"]
[EventCountry "CAN"]
[SourceTitle "EXT 2022"]
[Source "ChessBase"]
[SourceDate "2021.10.06"]
[SourceVersion "1"]
[SourceVersionDate "2021.10.06"]
[SourceQuality "1"]

1. d4 Nf6 2. c4 g6 3. Nc3 Bg7 4. Nf3 O-O 5. g3 d6 6. Bg2 Na6 7. O-O c5 8. d5 Nc7 9. Nd2 Bg4 10. h3 Bd7 11. e4 Nh5 12. Kh2 Bh8 13. f4 Ng7 14. Nf3 b5 15. b3 Nf5 16. Bd2 Bxc3 17. Bxc3 Ne3 18. Qe2 Nxf1+ 19. Rxf1 f5 20. e5 a5 21. Ba1 Be8 22. Qb2 dxe5 23. Nxe5 Rf6 24. g4 fxg4 25. hxg4 h6 26. g5 hxg5 27. fxg5 Qd6 28. Kh1 Rxf1+ 29. Bxf1 Ne6 30. dxe6 Qd1 31. Nxg6 Qh5+ 32. Kg1 Qxg5+ 33. Bg2 Qe3+ 34. Kf1 Qd3+ 35. Kf2 1-0

[Event "Montcalm 3 2007-08"]
[Site "Quebec CAN"]
[Date "2007.11.30"]
[Round "3"]
[White "Cournoyer, Dominic"]
[Black "Plante, Rejean"]
[Result "1/2-1/2"]
[WhiteElo "1931"]
[BlackElo "2032"]
[PlyCount "91"]
[GameId "2160767910566101"]
[EventDate "2007.11.15"]
[EventType "tourn"]
[EventRounds "5"]
[EventCountry "CAN"]
[SourceTitle "EXT 2022"]
[Source "ChessBase"]
[SourceDate "2021.10.06"]
[SourceVersion "1"]
[SourceVersionDate "2021.10.06"]
[SourceQuality "1"]

1. c4 g6 2. Nc3 Bg7 3. Nf3 c5 4. g3 Nc6 5. Bg2 d6 6. O-O Nh6 7. d3 O-O 8. Bd2 Nf5 9. e3 e6 10. Rb1 Re8 11. Ne1 Nfe7 12. Na4 Rb8 13. Nc2 b5 14. cxb5 Rxb5 15. Bc3 e5 16. d4 cxd4 17. exd4 Bf5 18. d5 Nd4 19. Bxd4 exd4 20. Rc1 Bxc2 21. Qxc2 Qa5 22. b3 Nxd5 23. Qc6 Rd8 24. Rfe1 Nf6 25. Qc7 Qxc7 26. Rxc7 Re5 27. Rd1 Re2 28. Rxa7 Nd7 29. Bh3 f5 30. Bf1 Rxa2 31. Rc1 Nc5 32. Re1 Bf6 33. Bc4+ d5 34. Bxd5+ Kh8 35. Rf7 d3 36. Nxc5 d2 37. Rd1 Rxd5 38. Ne6 Bg7 39. Nxg7 Kg8 40. Rc7 Re5 41. Kf1 Rb2 42. Nxf5 Rxf5 43. Rd7 Rxb3 44. R1xd2 Rbf3 45. Rc2 Rf7 46. Rxf7 1/2-1/2

[Event "Montcalm 3 2007-08"]
[Site "Quebec CAN"]
[Date "2007.11.30"]
[Round "3"]
[White "Lemieux, Pierre"]
[Black "Fortier, Bertrand"]
[Result "1-0"]
[WhiteElo "2021"]
[BlackElo "1583"]
[PlyCount "59"]
[GameId "2160767910566102"]
[EventDate "2007.11.15"]
[EventType "tourn"]
[EventRounds "5"]
[EventCountry "CAN"]
[SourceTitle "EXT 2022"]
[Source "ChessBase"]
[SourceDate "2021.10.06"]
[SourceVersion "1"]
[SourceVersionDate "2021.10.06"]
[SourceQuality "1"]

1. d4 Nf6 2. Nf3 g6 3. Bf4 Bg7 4. h3 d6 5. c3 O-O 6. e3 c6 7. Bd3 Nbd7 8. Nbd2 Re8 9. Bc4 d5 10. Be2 Ne4 11. Nxe4 dxe4 12. Ng5 Nf6 13. Qb3 e6 14. Qc2 Qb6 15. Rb1 h6 16. h4 hxg5 17. Bxg5 e5 18. h5 exd4 19. exd4 Bf5 20. Bxf6 e3 21. Bd3 exf2+ 22. Kxf2 Bxd3 23. Qxd3 Bxf6 24. hxg6 fxg6 25. Qxg6+ Bg7 26. Kg1 c5 27. Qh7+ Kf8 28. Rf1+ Bf6 29. Rh6 Re6 30. Rg6 1-0

[Event "Montcalm 3 2007-08"]
[Site "Quebec CAN"]
[Date "2007.11.30"]
[Round "3"]
[White "Sauve, Richard"]
[Black "Poliquin, Yvone"]
[Result "1/2-1/2"]
[WhiteElo "1917"]
[BlackElo "1794"]
[PlyCount "95"]
[GameId "2160767910566103"]
[EventDate "2007.11.15"]
[EventType "tourn"]
[EventRounds "5"]
[EventCountry "CAN"]
[SourceTitle "EXT 2022"]
[Source "ChessBase"]
[SourceDate "2021.10.06"]
[SourceVersion "1"]
[SourceVersionDate "2021.10.06"]
[SourceQuality "1"]

1. d4 d5 2. c4 e6 3. Nc3 c5 4. cxd5 cxd4 5. Qa4+ Bd7 6. Qxd4 exd5 7. Qxd5 Nc6 8. Bg5 Nf6 9. Qd2 Qa5 10. Bxf6 gxf6 11. e3 O-O-O 12. Nge2 Bf5 13. Nd4 Nxd4 14. exd4 Bc5 15. Ne2 Bb4 16. Rc1+ Kb8 17. Nc3 Rhe8+ 18. Be2 Re4 19. O-O Rexd4 20. Qh6 Rd2 21. Bf3 Qe5 22. Rfe1 Qd4 23. Qe3 Bxc3 24. bxc3 Qxe3 25. Rxe3 Rxa2 26. Re2 Rxe2 27. Bxe2 Kc7 28. Kf1 Bd3 29. Bxd3 Rxd3 30. Ke2 Rd5 31. Ra1 a5 32. Ra4 Kd6 33. Rh4 h5 34. g4 hxg4 35. Rxg4 b5 36. h4 Rh5 37. Kd3 Kc5 38. Rf4 f5 39. Rd4 a4 40. Kc2 Rh6 41. Rf4 Rh5 42. Kb2 Kb6 43. Ka2 Ka6 44. f3 Kb6 45. Ka3 Ka5 46. Kb2 Kb6 47. Ka3 Ka5 48. Kb2 1/2-1/2

[Event "Montcalm 3 2007-08"]
[Site "Quebec CAN"]
[Date "2007.12.06"]
[Round "4"]
[White "Caire, Francois"]
[Black "Cournoyer, Dominic"]
[Result "1-0"]
[WhiteElo "2206"]
[BlackElo "1931"]
[PlyCount "73"]
[GameId "2160767910566104"]
[EventDate "2007.11.15"]
[EventType "tourn"]
[EventRounds "5"]
[EventCountry "CAN"]
[SourceTitle "EXT 2022"]
[Source "ChessBase"]
[SourceDate "2021.10.06"]
[SourceVersion "1"]
[SourceVersionDate "2021.10.06"]
[SourceQuality "1"]

1. d4 f5 2. g3 Nf6 3. Bg2 d5 4. c4 c6 5. Qc2 e6 6. Nh3 Be7 7. O-O O-O 8. Nd2 Na6 9. Nf3 Bd7 10. Nf4 Ne4 11. Ne5 Bf6 12. Nfd3 Be8 13. c5 Ng5 14. b4 Nf7 15. Bf4 g5 16. Nxf7 Rxf7 17. Be5 Rg7 18. Rab1 Nb8 19. e3 Nd7 20. Bxf6 Nxf6 21. a4 a6 22. Ne5 Bg6 23. f4 Ng4 24. Rb3 Nxe5 25. fxe5 f4 26. Qf2 fxg3 27. Qxg3 Qe7 28. b5 Bc2 29. Rb2 Bxa4 30. bxc6 bxc6 31. Rf6 Rg6 32. Rbf2 Rb8 33. Bh3 Qb7 34. Bxe6+ Kh8 35. Rf8+ Rxf8 36. Rxf8+ Kg7 37. Rg8+ 1-0

[Event "Montcalm 3 2007-08"]
[Site "Quebec CAN"]
[Date "2007.12.06"]
[Round "4"]
[White "Chiffot, Nicolas"]
[Black "Lemieux, Pierre"]
[Result "0-1"]
[WhiteElo "1891"]
[BlackElo "2021"]
[PlyCount "106"]
[GameId "2160767910566105"]
[EventDate "2007.11.15"]
[EventType "tourn"]
[EventRounds "5"]
[EventCountry "CAN"]
[SourceTitle "EXT 2022"]
[Source "ChessBase"]
[SourceDate "2021.10.06"]
[SourceVersion "1"]
[SourceVersionDate "2021.10.06"]
[SourceQuality "1"]

1. d4 Nf6 2. Nf3 g6 3. b3 Bg7 4. Bb2 d6 5. g3 O-O 6. c4 Nbd7 7. Bg2 c6 8. O-O Qc7 9. Nc3 b6 10. Qc2 Bb7 11. Rad1 Rac8 12. e4 Rfe8 13. Rfe1 e5 14. dxe5 dxe5 15. Ba3 Bf8 16. Bxf8 Nxf8 17. Rd3 Rcd8 18. Red1 Ne6 19. Rxd8 Rxd8 20. Rxd8+ Nxd8 21. Qd2 Ne6 22. h4 Qd7 23. Qxd7 Nxd7 24. Bh3 Nef8 25. b4 f6 26. Nd2 Kf7 27. f3 Ne6 28. Bxe6+ Kxe6 29. Kf2 f5 30. Nb3 h6 31. a4 Nf6 32. a5 Kd6 33. c5+ bxc5 34. Nxc5 Bc8 35. Ke3 Nd7 36. Nxd7 Bxd7 37. Na4 Bc8 38. Nc5 Ke7 39. Kd3 h5 40. Kc4 Kd6 41. Kd3 Ke7 42. Ke3 Kf6 43. f4 fxe4 44. fxe5+ Kxe5 45. Nxe4 Kd5 46. Nc5 Kc4 47. Nd3 Bf5 48. Ne5+ Kb5 49. Kd4 a6 50. Kc3 c5 51. bxc5 Kxc5 52. Nc4 Kb5 53. Kd4 Be6 0-1

[Event "Montcalm 3 2007-08"]
[Site "Quebec CAN"]
[Date "2007.12.06"]
[Round "4"]
[White "Myre, Eric"]
[Black "Sauve, Richard"]
[Result "0-1"]
[WhiteElo "1922"]
[BlackElo "1917"]
[PlyCount "76"]
[GameId "2160767910566106"]
[EventDate "2007.11.15"]
[EventType "tourn"]
[EventRounds "5"]
[EventCountry "CAN"]
[SourceTitle "EXT 2022"]
[Source "ChessBase"]
[SourceDate "2021.10.06"]
[SourceVersion "1"]
[SourceVersionDate "2021.10.06"]
[SourceQuality "1"]

1. d4 e6 2. c4 d5 3. cxd5 exd5 4. Nc3 c6 5. Qc2 Bd6 6. Nf3 Ne7 7. Bg5 f6 8. Bh4 Bf5 9. Qb3 Qb6 10. Qxb6 axb6 11. Bg3 Bxg3 12. hxg3 Na6 13. e3 Nb4 14. Kd2 b5 15. Rc1 Nxa2 16. Ra1 b4 17. Nxa2 b3 18. Bd3 bxa2 19. Bxf5 Nxf5 20. Kc3 O-O 21. Kb3 Nd6 22. Nd2 f5 23. f3 Rfe8 24. Rhe1 Nb5 25. f4 Nxd4+ 26. Kc3 Nb5+ 27. Kb3 Nd6 28. Rxa2 Rxa2 29. Kxa2 d4 30. Nf3 Rxe3 31. Kb1 Rxe1+ 32. Nxe1 Kf7 33. Nf3 c5 34. Ng5+ Ke7 35. Nxh7 Ne4 36. Kc2 Kf7 37. g4 Kg8 38. Ng5 Nxg5 0-1

[Event "Montcalm 3 2007-08"]
[Site "Quebec CAN"]
[Date "2007.12.06"]
[Round "4"]
[White "Plante, Rejean"]
[Black "Auger, Bertrand"]
[Result "0-1"]
[WhiteElo "2032"]
[BlackElo "2018"]
[PlyCount "57"]
[GameId "2160767910566107"]
[EventDate "2007.11.15"]
[EventType "tourn"]
[EventRounds "5"]
[EventCountry "CAN"]
[SourceTitle "EXT 2022"]
[Source "ChessBase"]
[SourceDate "2021.10.06"]
[SourceVersion "1"]
[SourceVersionDate "2021.10.06"]
[SourceQuality "1"]

1. d4 Nf6 2. c4 e6 3. Nc3 Bb4 4. Nf3 O-O 5. g3 b6 6. Bg2 Bb7 7. O-O Bxc3 8. bxc3 d6 9. Nd2 Bxg2 10. Kxg2 c5 11. a4 Nc6 12. Nb3 d5 13. cxd5 Qxd5+ 14. f3 cxd4 15. cxd4 Rfd8 16. e4 Qc4 17. Bb2 Rac8 18. Rf2 Nb4 19. Rc1 Qa6 20. Rxc8 Rxc8 21. Nc1 Qc4 22. Qe2 Nc2 23. Qxc4 Ne3+ 24. Kg1 Rxc4 25. Rd2 Rxa4 26. Kf2 Nc4 27. Rc2 Kf8 28. Nd3 Nxb2 29. Nxb2 0-1

[Event "Montcalm 3 2007-08"]
[Site "Quebec CAN"]
[Date "2007.12.06"]
[Round "4"]
[White "Poliquin, Yvone"]
[Black "Bonneau, Daniel"]
[Result "1-0"]
[WhiteElo "1794"]
[BlackElo "2034"]
[PlyCount "53"]
[GameId "2160767910566108"]
[EventDate "2007.11.15"]
[EventType "tourn"]
[EventRounds "5"]
[EventCountry "CAN"]
[SourceTitle "EXT 2022"]
[Source "ChessBase"]
[SourceDate "2021.10.06"]
[SourceVersion "1"]
[SourceVersionDate "2021.10.06"]
[SourceQuality "1"]

1. e4 g6 2. d4 c6 3. Nc3 Bg7 4. Nf3 d6 5. h3 Nf6 6. Bd3 O-O 7. O-O e5 8. dxe5 dxe5 9. Nxe5 Nxe4 10. Nxf7 Nxc3 11. Nxd8 Nxd1 12. Bc4+ Kh8 13. Rxd1 h6 14. c3 Bf5 15. Nxb7 Nd7 16. Be3 Ne5 17. Nd6 Nxc4 18. Nxc4 Be6 19. Na5 Rab8 20. Rd2 Rfc8 21. Bd4 Bxd4 22. cxd4 Rb5 23. Nb3 Rd8 24. Rc1 Rd6 25. Nc5 Bxa2 26. Ne4 Re6 27. Nc3 1-0